000 00305nam a2200121Ia 4500
008 221007s9999 xx 000 0 und d
041 _aeng
082 _bHUS
100 _aChandavarkar B.,Composer
_997010
245 4 _aThe Elements Fire
260 _c2011
_bThe India Today Group
_aDelhi
906 _bGeneral
999 _c61495
_d61495